Prehlbovanie vnútropodnikového chozrasčotu v priemyselnom podniku záverečná práca postgraduálneho štúdia

Saved in:
Bibliographic Details
Main Author: Michalovský, Vladimír
Corporate Author: Vysoká škola ekonomická v Bratislave
Other Authors: Mázik, Ján
Format: Book
Language:Slovak
Published: Bratislava 1988
Tags: Add Tag
No Tags, Be the first to tag this record!

MARC

LEADER 00000nam a2200000 4500
001 c034138
005 20230116121623.4
041 0 |a slo 
044 |a SK 
245 1 0 |a Prehlbovanie vnútropodnikového chozrasčotu v priemyselnom podniku  |b záverečná práca postgraduálneho štúdia  |c Vladimír Michalovský ; Ved. práce Ján Mázik 
264 1 |a Bratislava  |c 1988 
300 |a 60 s. 
100 1 |a Michalovský, Vladimír 
700 1 |a Mázik, Ján 
710 2 |a Vysoká škola ekonomická v Bratislave